Statistics for U.S. States Without the Letter A or E

Click here to take the quiz!

General Stats

  • This quiz has been taken 565 times
  • The average score is 4 of 6

Answer Stats

State% Correct
Ohio
80%
Mississippi
66%
Wyoming
64%
Illinois
60%
Missouri
58%
Wisconsin
51%

Score Distribution

Percentile by Number Answered

Percent of People with Each Score

Your Score History

You have not taken this quiz